<?xml version="1.0" encoding="UTF-8"?>
<record
    xmlns:xsi="http://www.w3.org/2001/XMLSchema-instance"
    xsi:schemaLocation="http://www.loc.gov/MARC21/slim http://www.loc.gov/standards/marcxml/schema/MARC21slim.xsd"
    xmlns="http://www.loc.gov/MARC21/slim">

  <leader>01494cam a22002413a 4500</leader>
  <controlfield tag="001">17452</controlfield>
  <controlfield tag="003">PGUSA</controlfield>
  <controlfield tag="005">20140828083355.0</controlfield>
  <controlfield tag="008">060103s2006||||xxu|||||s|||||000 p eng d</controlfield>
  <datafield tag="040" ind1=" " ind2=" ">
    <subfield code="a">PGUSA</subfield>
    <subfield code="b">eng</subfield>
  </datafield>
  <datafield tag="042" ind1=" " ind2=" ">
    <subfield code="a">dc</subfield>
  </datafield>
  <datafield tag="050" ind1=" " ind2="4">
    <subfield code="a">PN</subfield>
  </datafield>
  <datafield tag="100" ind1="1" ind2=" ">
    <subfield code="a">Quiller-Couch, Arthur,</subfield>
    <subfield code="d">1863-1944</subfield>
  </datafield>
  <datafield tag="245" ind1="1" ind2="0">
    <subfield code="a">Adventures in Criticism</subfield>
    <subfield code="h">[electronic resource] /</subfield>
    <subfield code="c">Arthur Quiller-Couch</subfield>
  </datafield>
  <datafield tag="260" ind1=" " ind2=" ">
    <subfield code="b">Project Gutenberg,</subfield>
    <subfield code="c">2006</subfield>
  </datafield>
  <datafield tag="505" ind1="0" ind2=" ">
    <subfield code="a">Chaucer -- "The passionate pilgrim" -- Shakespeare's lyrics -- Samuel Daniel -- William Browne -- Thomas Carew -- "Robinson Crusoe" -- Lawrence Sterne -- Scott and Burns -- Charles Reade -- Henry Kingsley -- Alexander William Kinglake -- C. S. C. and J. K. S -- Robert Louis Stevenson -- M. Zola -- Selection -- Externals -- Club talk -- Excursionists in poetry -- The popular conception of a poet -- Poets on their own art -- The attitude of the public towards letters -- A case of bookstall censorship -- The poor little penny dreadful -- Ibsen's "Peer Gynt" -- Mr. Swinburne's later manner -- A morning with a book -- Mr. John Davidson -- Bj&#xF6;rnsterne Bj&#xF6;rnson -- Mr. George Moore -- Mrs. Margaret L. Woods -- Mr. Hall Caine -- Mr. Anthony Hope -- "Trilby" -- Mr. Stockton -- Bow-wow -- Of seasonal numbers.</subfield>
  </datafield>
  <datafield tag="506" ind1=" " ind2=" ">
    <subfield code="a">Public domain in the USA.</subfield>
  </datafield>
  <datafield tag="516" ind1=" " ind2=" ">
    <subfield code="a">Electronic text</subfield>
  </datafield>
  <datafield tag="653" ind1=" " ind2=" ">
    <subfield code="a">Literature, Modern -- History and criticism</subfield>
  </datafield>
  <datafield tag="830" ind1=" " ind2="0">
    <subfield code="a">Project Gutenberg</subfield>
    <subfield code="v">17452</subfield>
  </datafield>
  <datafield tag="856" ind1="4" ind2="0">
    <subfield code="u">http://www.gutenberg.org/ebooks/17452</subfield>
  </datafield>
  <datafield tag="942" ind1=" " ind2=" ">
    <subfield code="c">EB</subfield>
  </datafield>
  <datafield tag="999" ind1=" " ind2=" ">
    <subfield code="c">246707</subfield>
    <subfield code="d">246707</subfield>
  </datafield>
  <datafield tag="952" ind1=" " ind2=" ">
    <subfield code="0">0</subfield>
    <subfield code="1">0</subfield>
    <subfield code="4">0</subfield>
    <subfield code="a">GTB</subfield>
    <subfield code="b">GTB</subfield>
    <subfield code="d">2014-08-28</subfield>
    <subfield code="l">0</subfield>
    <subfield code="r">2014-08-28 00:00:00</subfield>
    <subfield code="w">2014-08-28</subfield>
    <subfield code="y">EB</subfield>
  </datafield>
</record>
